000
00294nam a22001337a 4500
008
170306b xxu||||| |||| 00| 0 eng d
020
_a
9780077276195
041
_a
eng
080
_2
7 ED
_a
611
100
_a
6
101
_a
SHM
245
_a
ESSENTIAL PHYSIOLOGY
_c
VANPUTTE .R
942
_2
udc
_c
BK
999
_c
6878
_d
6878